| 000 | 00549nam a2200205Ia 4500 | ||
|---|---|---|---|
| 005 | 20260429112212.0 | ||
| 008 | 260429s9999||||xx |||||||||||||| ||und|| | ||
| 020 | _a9781260240856 | ||
| 041 | _aEnglish | ||
| 082 |
_a579.5 _bBRO |
||
| 100 | _aBrooker, Robert J. | ||
| 245 | 0 |
_aGenetics : _banalysis and principles / _cRobert J. Brooker |
|
| 250 | _a7th ed. | ||
| 260 |
_aNew York : _bMcGraw-Hill Education, _c2021. |
||
| 300 | _axii, I-30 p.; hb | ||
| 650 | _a Heredity | ||
| 650 | _a Molecular biology | ||
| 650 | _aGenetics | ||
| 942 | _cTB | ||
| 999 |
_c52870 _d52870 |
||